[Event "Veteran-SM"]
[Site "Lund"]
[Date "2010.07.06"]
[Round "4.6"]
[White "Halleröd, Ralph"]
[Black "Eriksson, Bo H. T"]
[Result "1-0"]
[WhiteElo "2122"]
[BlackElo "2162"]
[PlyCount "57"]
[EventDate "2010.07.03"]
[Source "Anders Hansen"]
[SourceDate "2010.07.03"]

1. b3 c5 2. Bb2 Nc6 3. e3 e5 4. Bb5 Nge7 5. Ne2 a6 6. Bxc6 Nxc6 7. O-O Bd6 8.
Nbc3 O-O 9. Nd5 b5 10. f4 Bb7 11. f5 f6 12. e4 Na5 13. d3 Bxd5 14. exd5 c4 15.
dxc4 bxc4 16. Kh1 Qc7 17. Nc3 Rab8 18. Qg4 cxb3 19. cxb3 Rb4 20. Qe2 e4 21.
Rac1 e3 22. Nb5 Qb6 23. Nxd6 Qxd6 24. Ba3 Re8 25. Rf3 Qb6 26. Bxb4 Qxb4 27.
Rxe3 Rf8 28. Re8 Nb7 29. Rcc8 1-0

[Event "Veteran-SM"]
[Site "Lund"]
[Date "2010.07.06"]
[Round "4.7"]
[White "Finnlaugsson, Gunnar"]
[Black "Andersson, Sven-Olof"]
[Result "1/2-1/2"]
[WhiteElo "2076"]
[BlackElo "2057"]
[PlyCount "31"]
[EventDate "2010.07.03"]
[Source "Anders Hansen"]
[SourceDate "2010.07.03"]

1. e4 c5 2. Nf3 e6 3. d4 cxd4 4. Nxd4 a6 5. Nc3 Qc7 6. g3 Bb4 7. Nde2 Nf6 8.
Bg2 d5 9. O-O dxe4 10. Nxe4 Nxe4 11. Bxe4 O-O 12. c3 Be7 13. Nf4 Nd7 14. Qe2
Nf6 15. Bg2 Bd7 16. Re1 1/2-1/2

[Event "Veteran-SM"]
[Site "Lund"]
[Date "2010.07.06"]
[Round "4.10"]
[White "Marklund, Gunnar"]
[Black "Persson, Börje"]
[Result "0-1"]
[WhiteElo "2080"]
[BlackElo "1969"]
[PlyCount "56"]
[EventDate "2010.07.03"]
[Source "Anders Hansen"]
[SourceDate "2010.07.03"]

1. d4 Nf6 2. Nf3 e6 3. c4 b6 4. Nc3 Bb4 5. Bg5 h6 6. Bh4 Bb7 7. Ne5 O-O 8. f3
d6 9. Ng4 Nbd7 10. Qd2 Kh7 11. O-O-O Ne4 12. Qe1 Nxc3 13. bxc3 Bxc3 14. Bxd8
Bxe1 15. Bxc7 Bb4 16. c5 Rfc8 17. Bxd6 bxc5 18. Kb2 Rc6 19. dxc5 Bxc5 20. Bxc5
Nxc5 21. Ne5 Rb6+ 22. Ka1 f6 23. Nc4 Rb4 24. e4 Ba6 25. Rc1 Rd8 26. Ne3 Bxf1
27. Rxc5 Rd3 28. Nc2 Rd1# 0-1

[Event "Veteran-SM"]
[Site "Lund"]
[Date "2010.07.07"]
[Round "5.1"]
[White "Nordström, Felix"]
[Black "Hammar, Bengt"]
[Result "1/2-1/2"]
[WhiteElo "2192"]
[BlackElo "2230"]
[PlyCount "27"]
[EventDate "2010.07.03"]
[Source "Anders Hansen"]
[SourceDate "2010.07.03"]

1. d4 Nf6 2. c4 c5 3. dxc5 e6 4. Nc3 Bxc5 5. Nf3 Nc6 6. e3 d5 7. Be2 O-O 8. a3
dxc4 9. Bxc4 Qxd1+ 10. Kxd1 a6 11. b4 Bd6 12. Bb2 b5 13. Bd3 Bb7 14. Ke2
1/2-1/2

[Event "Veteran-SM"]
[Site "Lund"]
[Date "2010.07.07"]
[Round "5.2"]
[White "Andersson, Gunnar"]
[Black "Andersson, Göran"]
[Result "1-0"]
[WhiteElo "2040"]
[BlackElo "2169"]
[PlyCount "41"]
[EventDate "2010.07.03"]
[Source "Anders Hansen"]
[SourceDate "2010.07.03"]

1. e4 c5 2. Nf3 e6 3. d4 cxd4 4. Nxd4 Nf6 5. Bd3 Nc6 6. Nxc6 dxc6 7. O-O e5 8.
Nd2 Bg4 9. Qe1 Bc5 10. Nc4 Nd7 11. b4 Be7 12. Bb2 f6 13. f4 exf4 14. e5 fxe5
15. Nxe5 Qb6+ 16. Kh1 Bxb4 17. Nxd7+ Kxd7 18. Qe5 g6 19. Rxf4 Be6 20. Rd1 Bd5
21. Rf7+ 1-0

[Event "Veteran-SM"]
[Site "Lund"]
[Date "2010.07.07"]
[Round "5.4"]
[White "Halleröd, Ralph"]
[Black "Svensson, Sören"]
[Result "1-0"]
[WhiteElo "2122"]
[BlackElo "2121"]
[PlyCount "101"]
[EventDate "2010.07.03"]
[Source "Anders Hansen"]
[SourceDate "2010.07.03"]

1. d4 Nf6 2. c4 e6 3. Nc3 d5 4. cxd5 exd5 5. Bg5 Be7 6. e3 Nbd7 7. Nf3 O-O 8.
Qc2 Re8 9. Bd3 Nf8 10. O-O c6 11. Ne5 Ng4 12. Bxe7 Qxe7 13. Nxg4 Bxg4 14. h3
Bh5 15. Rab1 a5 16. Na4 Bg6 17. Bxg6 Nxg6 18. Qf5 Rad8 19. g3 Rd6 20. Nc5 Rf6
21. Qd7 b6 22. Qxe7 Rxe7 23. Nd3 Ra7 24. Rfc1 Re6 25. Rc3 f6 26. b4 axb4 27.
Nxb4 Ne7 28. Rbc1 Rc7 29. Ra3 c5 30. Ra8+ Kf7 31. Na6 Rc8 32. Rxc8 Nxc8 33.
dxc5 Rc6 34. Nb4 Rxc5 35. Rxc5 bxc5 36. Nxd5 Ke6 37. Nc3 c4 38. Kf1 g5 39. Ke2
f5 40. Kd2 Nd6 41. a4 Nb7 42. f4 gxf4 43. exf4 h5 44. Ke3 Na5 45. Kd4 Kd6 46.
Ne2 Ke6 47. Kc5 Nb3+ 48. Kxc4 Nd2+ 49. Kc5 Kd7 50. Kd5 Nf3 51. Nd4 1-0

[Event "Veteran-SM"]
[Site "Lund"]
[Date "2010.07.07"]
[Round "5.5"]
[White "Hesselborn, Per-Ove"]
[Black "Finnlaugsson, Gunnar"]
[Result "1/2-1/2"]
[WhiteElo "2309"]
[BlackElo "2076"]
[PlyCount "26"]
[EventDate "2010.07.03"]
[Source "Anders Hansen"]
[SourceDate "2010.07.03"]

1. e4 e6 2. Nc3 c5 3. Nf3 Nc6 4. Bb5 Nge7 5. O-O a6 6. Bxc6 Nxc6 7. d3 d6 8.
Bg5 Qc7 9. Re1 h6 10. Be3 Be7 11. Qd2 Bd7 12. a3 Bf6 13. Rab1 Rc8 1/2-1/2

[Event "Veteran-SM"]
[Site "Lund"]
[Date "2010.07.07"]
[Round "5.7"]
[White "Eriksson, Bo H. T"]
[Black "Söderborg, Berndt"]
[Result "1-0"]
[WhiteElo "2162"]
[BlackElo "2115"]
[PlyCount "148"]
[EventDate "2010.07.03"]
[Source "Anders Hansen"]
[SourceDate "2010.07.03"]

1. e4 e5 2. Nf3 Nc6 3. Bb5 a6 4. Ba4 Nf6 5. O-O Be7 6. Re1 b5 7. Bb3 d6 8. c3
O-O 9. h3 Na5 10. Bc2 c5 11. d4 Qc7 12. Nbd2 Bd7 13. Nf1 Rac8 14. Bb1 Rfe8 15.
Ng3 g6 16. Bg5 cxd4 17. cxd4 Kg7 18. Bd3 h6 19. Bd2 Nc4 20. Bc1 Ng8 21. b3 Na5
22. Bb2 Bf6 23. d5 Nb7 24. b4 a5 25. a3 Qb6 26. Qe2 axb4 27. axb4 Ra8 28. Nf1
Ra4 29. Qd2 Rea8 30. Rac1 Bd8 31. Bc2 R4a6 32. Ne3 Nf6 33. g4 Nh7 34. Kh2 Ng5
35. Ng1 Nh7 36. f4 Bf6 37. Ng2 Ra2 38. Bb1 Rxb2 39. Qxb2 exf4 40. Qd2 Be5 41.
Nf3 Ng5 42. Rf1 Ra3 43. Bd3 Qe3 44. Qxe3 fxe3+ 45. Nxe5 dxe5 46. Rfd1 e2 47.
Bxe2 Rxh3+ 48. Kg1 Nd6 49. Rd3 Ndxe4 50. Rxh3 Nxh3+ 51. Kh2 Nhf2 52. Ne3 Nf6
53. Rc7 N6xg4+ 54. Nxg4 Nxg4+ 55. Bxg4 Bxg4 56. Rc5 e4 57. Rxb5 e3 58. Kg1 Kf6
59. Rc5 Ke5 60. b5 Kd4 61. b6 Kd3 62. b7 e2 63. Kf2 Kd2 64. Rc2+ Kxc2 65. Ke1
Kd3 66. b8=Q Ke4 67. d6 Be6 68. Qe8 Kf5 69. d7 Bxd7 70. Qxd7+ Kf6 71. Kxe2 h5
72. Kf3 g5 73. Ke4 Kg7 74. Kf5 g4 1-0

[Event "Veteran-SM"]
[Site "Lund"]
[Date "2010.07.07"]
[Round "5.8"]
[White "Andersson, Sven-Olof"]
[Black "Andersson, Kaj"]
[Result "1/2-1/2"]
[WhiteElo "2057"]
[BlackElo "2098"]
[PlyCount "178"]
[EventDate "2010.07.03"]
[Source "Anders Hansen"]
[SourceDate "2010.07.03"]

1. d4 d5 2. Nf3 Nf6 3. g3 g6 4. Bg2 Bg7 5. O-O O-O 6. c4 c6 7. b3 Ne4 8. Bb2
Nd7 9. cxd5 cxd5 10. Nc3 Ndf6 11. Ne5 Bf5 12. f3 Nxc3 13. Bxc3 Rc8 14. Qd2 Nd7
15. Rac1 Qb6 16. Kh1 Qb5 17. e4 dxe4 18. fxe4 Nxe5 19. exf5 Ng4 20. d5 Bxc3 21.
Rxc3 Qb4 22. Rd3 Qxd2 23. Rxd2 Ne3 24. Re1 Nxf5 25. Bh3 Rc7 26. Bxf5 gxf5 27.
Re5 Rd8 28. Rde2 Kf8 29. Rxf5 Rc5 30. Ref2 f6 31. Rh5 Kg7 32. Re2 Rd7 33. Kg2
Kg6 34. g4 b6 35. h4 Rcxd5 36. Rxd5 Rxd5 37. Rxe7 Rd2+ 38. Kf3 Rxa2 39. Kf4
Rf2+ 40. Kg3 Rb2 41. Re3 b5 42. Kf4 Rf2+ 43. Kg3 Rc2 44. Kf4 Rf2+ 45. Kg3 Rb2
46. Kf4 a5 47. Rd3 b4 48. Rd5 Rxb3 49. Rxa5 Rb1 50. Rb5 b3 51. Kg3 b2 52. Kg2
Kf7 53. g5 fxg5 54. hxg5 Ke6 55. Kh2 Kd6 56. Kg2 Kc6 57. Rb8 Kd5 58. Rd8+ Ke5
59. Re8+ Kf4 60. Rf8+ Kxg5 61. Rg8+ Kf6 62. Rf8+ Ke7 63. Rb8 h5 64. Rb7+ Kd6
65. Rb5 Kc6 66. Rb8 h4 67. Rb4 h3+ 68. Kh2 Kc7 69. Rb5 Kc6 70. Rb4 Kc5 71. Rb8
Kd6 72. Rb5 Kc6 73. Rb4 Kd5 74. Rb8 Ke6 75. Re8+ Kf7 76. Rb8 Kg7 77. Rb6 Kh7
78. Rb3 Kg6 79. Rb8 Kg5 80. Rg8+ Kf4 81. Rf8+ Ke3 82. Re8+ Kf2 83. Rf8+ Ke3 84.
Re8+ Kd4 85. Rd8+ Kc5 86. Rc8+ Kb6 87. Rb8+ Ka7 88. Rb3 Ka6 89. Rb8 Ka7 1/2-1/2

[Event "Veteran-SM"]
[Site "Lund"]
[Date "2010.07.07"]
[Round "5.9"]
[White "Persson, Börje"]
[Black "Gummesson, Ingvar"]
[Result "0-1"]
[WhiteElo "1969"]
[BlackElo "1983"]
[PlyCount "86"]
[EventDate "2010.07.03"]
[Source "Anders Hansen"]
[SourceDate "2010.07.03"]

1. e4 e5 2. Nf3 Nc6 3. Bb5 a6 4. Ba4 Nf6 5. O-O Bc5 6. c3 O-O 7. d4 Bb6 8. Bg5
h6 9. Bh4 d6 10. Bxc6 g5 11. Ba4 gxh4 12. Nbd2 Bg4 13. Qc2 Qe7 14. dxe5 dxe5
15. h3 Bxf3 16. Nxf3 Nh5 17. Rad1 Rad8 18. Rxd8 Rxd8 19. Bb3 Nf4 20. Rd1 c6 21.
Rxd8+ Bxd8 22. Qd2 Bb6 23. Bc2 Kg7 24. Kh2 Ng6 25. Bb3 Ba7 26. Bc2 b5 27. b4
Bb6 28. Kg1 a5 29. a3 axb4 30. axb4 c5 31. Bb3 cxb4 32. cxb4 Qa7 33. Qa2 Qc7
34. Qd2 Nf4 35. Bd5 Qa7 36. Qa2 Qc7 37. Qd2 Qe7 38. Qc2 Qxb4 39. Qc8 Bxf2+ 40.
Kh2 Bg3+ 41. Kh1 Qb1+ 42. Ng1 Bf2 43. Qg4+ Ng6 0-1

[Event "Veteran-SM"]
[Site "Lund"]
[Date "2010.07.08"]
[Round "6.1"]
[White "Hammar, Bengt"]
[Black "Wahlbom, Magnus"]
[Result "1/2-1/2"]
[WhiteElo "2230"]
[BlackElo "2288"]
[PlyCount "22"]
[EventDate "2010.07.03"]
[Source "Anders Hansen"]
[SourceDate "2010.07.03"]

1. e4 e6 2. d4 d5 3. Nc3 Nf6 4. Bg5 Be7 5. e5 Nfd7 6. Bxe7 Qxe7 7. f4 a6 8. Nf3
c5 9. Qd2 Nc6 10. dxc5 Nxc5 11. Bd3 b5 1/2-1/2

[Event "Veteran-SM"]
[Site "Lund"]
[Date "2010.07.08"]
[Round "6.2"]
[White "Andersson, Gunnar"]
[Black "Halleröd, Ralph"]
[Result "1/2-1/2"]
[WhiteElo "2040"]
[BlackElo "2122"]
[PlyCount "71"]
[EventDate "2010.07.03"]
[Source "Anders Hansen"]
[SourceDate "2010.07.03"]

1. e4 e5 2. Nf3 Nc6 3. Bb5 Nd4 4. Nxd4 exd4 5. d3 c6 6. Bc4 Nf6 7. O-O d5 8.
exd5 cxd5 9. Bb5+ Bd7 10. Bxd7+ Qxd7 11. Re1+ Be7 12. Bf4 O-O-O 13. Nd2 Bd6 14.
Bxd6 Qxd6 15. Nb3 h5 16. Qf3 Ng4 17. g3 g6 18. Nxd4 Ne5 19. Qf4 f6 20. Nf3 Rde8
21. d4 Nxf3+ 22. Qxf3 f5 23. Kg2 Re4 24. Qc3+ Kd7 25. f3 Rxe1 26. Rxe1 f4 27.
Qb3 Kc8 28. Re5 fxg3 29. hxg3 Rd8 30. Qe3 Qa6 31. a3 Qa4 32. Qd3 Qc6 33. c3 a6
34. Qe2 Kc7 35. Re6 Qd7 36. Re7 1/2-1/2

[Event "Veteran-SM"]
[Site "Lund"]
[Date "2010.07.08"]
[Round "6.3"]
[White "Andersson, Göran"]
[Black "Nordström, Felix"]
[Result "1-0"]
[WhiteElo "2169"]
[BlackElo "2192"]
[PlyCount "91"]
[EventDate "2010.07.03"]
[Source "Anders Hansen"]
[SourceDate "2010.07.03"]

1. e4 c5 2. Nf3 d6 3. d4 cxd4 4. Nxd4 Nf6 5. Nc3 a6 6. Bg5 e6 7. f4 Be7 8. Qf3
h6 9. Bh4 Qc7 10. O-O-O Nbd7 11. Bd3 g5 12. fxg5 Ne5 13. Qe2 Nfg4 14. Nf3 Nxf3
15. gxf3 hxg5 16. Bg3 Ne5 17. Kb1 Bd7 18. f4 gxf4 19. Bxf4 O-O-O 20. Rdf1 Rh7
21. h4 Bxh4 22. Rh3 Rdh8 23. Bxe5 dxe5 24. Rfh1 Qd8 25. Bxa6 Bc6 26. Bb5 Qb6
27. Bxc6 bxc6 28. Qg4 Rh6 29. a4 Rg6 30. Qe2 Rg1+ 31. Ka2 Rxh1 32. Rxh1 Kb7 33.
Qg4 Qf2 34. Rh3 Qf4 35. Qe2 Qf6 36. Nb1 Rb8 37. Rb3+ Kc7 38. Rf3 Qe7 39. Na3 f6
40. Nc4 Qb4 41. b3 Bg5 42. Rh3 Re8 43. Qf2 Re7 44. Qa7+ Qb7 45. Qc5 Kd7 46.
Qxe7+ 1-0

[Event "Veteran-SM"]
[Site "Lund"]
[Date "2010.07.08"]
[Round "6.4"]
[White "Malmdin, Nils Åke"]
[Black "Svensson, Sören"]
[Result "1-0"]
[WhiteElo "2297"]
[BlackElo "2121"]
[PlyCount "119"]
[EventDate "2010.07.03"]
[Source "Anders Hansen"]
[SourceDate "2010.07.03"]

1. e4 e5 2. Nf3 Nc6 3. Nc3 Nf6 4. a3 d5 5. Bb5 dxe4 6. Nxe5 Bd7 7. Bxc6 Bxc6 8.
Nxc6 bxc6 9. Qe2 Qd4 10. d3 Be7 11. dxe4 O-O 12. O-O Qe5 13. g3 Bc5 14. Bf4 Qe7
15. Rad1 Rfe8 16. Rfe1 a5 17. Kg2 Rab8 18. Bg5 h6 19. Bxf6 Qxf6 20. e5 Qe6 21.
f4 Bf8 22. Na4 c5 23. Qe4 g6 24. c4 c6 25. Qc2 Rb7 26. Re3 Reb8 27. Qe2 h5 28.
Rd2 Be7 29. h3 Kg7 30. g4 hxg4 31. hxg4 Rb3 32. Nc3 Rh8 33. Rg3 Kf8 34. Qe4 Rh4
35. Qe2 Rh8 36. Ne4 Rxg3+ 37. Nxg3 f5 38. gxf5 gxf5 39. Qd3 Rh4 40. Qxf5+ Qxf5
41. Nxf5 Rxf4 42. Rf2 Bg5 43. b3 Rxf2+ 44. Kxf2 Bc1 45. a4 Kf7 46. Kf3 Bb2 47.
Ke4 Ke6 48. Ng7+ Kf7 49. Nh5 Bc1 50. Kf5 Be3 51. Nf6 Ke7 52. e6 Bf2 53. Nd7 Bd4
54. Ne5 Bc3 55. Nxc6+ Kd6 56. e7 Kd7 57. Ke4 Be1 58. Kd5 Bf2 59. Nxa5 Kxe7 60.
Nb7 1-0

[Event "Veteran-SM"]
[Site "Lund"]
[Date "2010.07.08"]
[Round "6.6"]
[White "Finnlaugsson, Gunnar"]
[Black "Eriksson, Bo H. T"]
[Result "0-1"]
[WhiteElo "2076"]
[BlackElo "2162"]
[PlyCount "104"]
[EventDate "2010.07.03"]
[Source "Anders Hansen"]
[SourceDate "2010.07.03"]

1. e4 c5 2. Nf3 d6 3. d4 cxd4 4. Qxd4 Nc6 5. Bb5 Bd7 6. Bxc6 Bxc6 7. Nc3 Nf6 8.
Bg5 e6 9. O-O-O h6 10. Bh4 g5 11. Bg3 e5 12. Qd3 a6 13. Rhe1 Qa5 14. Nd2 O-O-O
15. f3 b5 16. Bf2 Rd7 17. Kb1 Be7 18. Nb3 Qc7 19. Nd5 Nxd5 20. exd5 Bb7 21. Qd2
Bd8 22. Qb4 Qc4 23. Qa3 b4 24. Qa4 Bxd5 25. Nd2 Qb5 26. Qxb5 axb5 27. Nb3 Bc4
28. Nd2 f5 29. b3 Bf7 30. Nf1 Re8 31. Ng3 Be6 32. Re2 Kb7 33. Be1 Ba5 34. a3
Kc6 35. Bxb4 Bxb4 36. axb4 Ra8 37. Kb2 Rda7 38. Ree1 Ra2+ 39. Kc3 Rc8 40. Rd2
h5 41. h3 h4 42. Ne2 f4 43. Nc1 Kd7+ 44. Kd3 Bf5+ 45. Ke2 Raxc2 46. Rxc2 Rxc2+
47. Kf1 Ke6 48. Rd1 Rc3 49. Kf2 Bc2 50. Re1 Bxb3 51. Ne2 Rc2 52. Kg1 Kf5 0-1

[Event "Veteran-SM"]
[Site "Lund"]
[Date "2010.07.08"]
[Round "6.7"]
[White "Söderborg, Berndt"]
[Black "Andersson, Sven-Olof"]
[Result "1/2-1/2"]
[WhiteElo "2115"]
[BlackElo "2057"]
[PlyCount "43"]
[EventDate "2010.07.03"]
[Source "Anders Hansen"]
[SourceDate "2010.07.03"]

1. e4 c5 2. Nf3 e6 3. Nc3 a6 4. d4 cxd4 5. Nxd4 Qc7 6. g3 Bb4 7. Bd2 Nc6 8.
Nxc6 dxc6 9. Bg2 e5 10. O-O Bc5 11. Qe2 Be6 12. Be3 Bxe3 13. Qxe3 Nf6 14. Rfd1
O-O 15. Qc5 Rad8 16. Nd5 Qb8 17. Nxf6+ gxf6 18. b3 Rxd1+ 19. Rxd1 Rd8 20. Rxd8+
Qxd8 21. h3 Qd1+ 22. Kh2 1/2-1/2

[Event "Veteran-SM"]
[Site "Lund"]
[Date "2010.07.08"]
[Round "6.9"]
[White "Gummesson, Ingvar"]
[Black "Marklund, Gunnar"]
[Result "0-1"]
[WhiteElo "1983"]
[BlackElo "2080"]
[PlyCount "108"]
[EventDate "2010.07.03"]
[Source "Anders Hansen"]
[SourceDate "2010.07.03"]

1. d4 c6 2. c4 d5 3. Nc3 Nf6 4. Nf3 g6 5. Bg5 Bg7 6. e3 O-O 7. Bd3 Nbd7 8. cxd5
Nxd5 9. O-O N7b6 10. h3 Re8 11. Rc1 Nc7 12. Qe2 Ne6 13. Bh4 c5 14. dxc5 Nxc5
15. Bb5 Bd7 16. Rfd1 a6 17. Bxd7 Nbxd7 18. Nd5 Ne6 19. Nd4 Bxd4 20. exd4 Nb6
21. Nxb6 Qxb6 22. d5 Nd4 23. Qe3 e5 24. dxe6 Rxe6 25. Qxd4 Re1+ 26. Kh2 Qxd4
27. Rxd4 Rxc1 28. Bf6 Rc2 29. Rf4 b5 30. a3 Rc6 31. g4 h6 32. h4 Rc4 33. Kg3
Rxf4 34. Kxf4 Rc8 35. g5 Rc4+ 36. Kg3 h5 37. f3 Kf8 38. Bc3 Ke7 39. f4 Ke6 40.
Kf3 Kf5 41. Be5 Rc1 42. Kg3 Rd1 43. Kf3 Rd3+ 44. Ke2 Rh3 45. Kd2 Ke4 46. Kc2 a5
47. Bc3 a4 48. Be5 Rxh4 49. Kc3 Rh3+ 50. Kb4 Rb3+ 51. Kc5 h4 52. Kd6 h3 53. Ke7
Kf5 54. Kxf7 h2 0-1

[Event "Veteran-SM"]
[Site "Lund"]
[Date "2010.07.09"]
[Round "7.1"]
[White "Malmdin, Nils Åke"]
[Black "Andersson, Gunnar"]
[Result "1-0"]
[WhiteElo "2297"]
[BlackElo "2040"]
[PlyCount "41"]
[EventDate "2010.07.03"]
[Source "Anders Hansen"]
[SourceDate "2010.07.03"]

1. e4 e5 2. Nf3 Nc6 3. Nc3 Nf6 4. a3 Bc5 5. Nxe5 Nxe5 6. d4 Bd6 7. dxe5 Bxe5 8.
Nb5 O-O 9. f4 Nxe4 10. fxe5 Qh4+ 11. g3 Nxg3 12. hxg3 Qxh1 13. Nxc7 Rb8 14. Bg5
Qe4+ 15. Qe2 Qc6 16. Qc4 Qf3 17. Qd3 Qc6 18. Nd5 Qe6 19. O-O-O h6 20. Be7 Re8
21. Bd6 1-0

[Event "Veteran-SM"]
[Site "Lund"]
[Date "2010.07.09"]
[Round "7.2"]
[White "Halleröd, Ralph"]
[Black "Hammar, Bengt"]
[Result "1/2-1/2"]
[WhiteElo "2122"]
[BlackElo "2230"]
[PlyCount "68"]
[EventDate "2010.07.03"]
[Source "Anders Hansen"]
[SourceDate "2010.07.03"]

1. d4 Nf6 2. c4 g6 3. Nc3 Bg7 4. Nf3 O-O 5. g3 d6 6. Bg2 Nbd7 7. O-O e5 8. dxe5
dxe5 9. e4 c6 10. h3 Re8 11. Be3 Bf8 12. Qd2 Qc7 13. Nh2 Nh5 14. Bf3 Ndf6 15.
Bg2 Be6 16. b3 Rad8 17. Qc2 b6 18. Ne2 Nd7 19. f4 Bh6 20. Ng4 Bxg4 21. hxg4
Nxg3 22. Nxg3 exf4 23. Bc1 Ne5 24. Ne2 Nxg4 25. Bxf4 Bxf4 26. Rxf4 Qe5 27. Qc3
Qc5+ 28. Kh1 Nf2+ 29. Kh2 Nd3 30. Rh4 Qf2 31. Ng3 Ne5 32. Rf1 Qxa2 33. Ra1 Qf2
34. Rf1 Qa2 1/2-1/2

[Event "Veteran-SM"]
[Site "Lund"]
[Date "2010.07.09"]
[Round "7.3"]
[White "Wahlbom, Magnus"]
[Black "Andersson, Göran"]
[Result "1/2-1/2"]
[WhiteElo "2288"]
[BlackElo "2169"]
[PlyCount "80"]
[EventDate "2010.07.03"]
[Source "Anders Hansen"]
[SourceDate "2010.07.03"]

1. e4 c5 2. Nf3 e6 3. d4 cxd4 4. Nxd4 Nf6 5. Nc3 d6 6. Be2 Nc6 7. O-O Be7 8.
Be3 O-O 9. f4 a6 10. a4 Qc7 11. Kh1 Re8 12. Nb3 b6 13. Bf3 Rb8 14. Qe2 Bf8 15.
Qf2 Nd7 16. e5 dxe5 17. Bxc6 Qxc6 18. fxe5 f5 19. exf6 Nxf6 20. Bg5 Bb7 21. Nd4
Qc4 22. Bxf6 gxf6 23. Qxf6 Bg7 24. Qf7+ Kh8 25. Nf5 Bxg2+ 26. Kxg2 Qc6+ 27. Rf3
exf5 28. Qd5 Re2+ 29. Kh1 Qxd5 30. Nxd5 Rxc2 31. Re1 Rxb2 32. Rxf5 Rc8 33. Rf7
Be5 34. Nf6 Bxf6 35. Rxf6 Kg7 36. Ref1 Rc7 37. a5 bxa5 38. Rxa6 Rcc2 39. Ra7+
Kg6 40. Ra6+ Kg7 1/2-1/2

[Event "Veteran-SM"]
[Site "Lund"]
[Date "2010.07.09"]
[Round "7.5"]
[White "Nordström, Felix"]
[Black "Andersson, Kaj"]
[Result "1/2-1/2"]
[WhiteElo "2192"]
[BlackElo "2098"]
[PlyCount "59"]
[EventDate "2010.07.03"]
[Source "Anders Hansen"]
[SourceDate "2010.07.03"]

1. d4 d5 2. c4 c6 3. Nf3 Nf6 4. Nc3 dxc4 5. a4 Bf5 6. Ne5 Nbd7 7. Nxc4 e6 8. f3
Bg6 9. e4 Be7 10. Be3 O-O 11. Be2 Qb8 12. Qd2 Rd8 13. O-O e5 14. dxe5 Nxe5 15.
Qc2 Nxc4 16. Bxc4 Nd5 17. Bf2 Qf4 18. Qc1 Qxc1 19. Raxc1 Nxc3 20. Rxc3 Rd2 21.
b3 Bf6 22. Rd3 Rxd3 23. Bxd3 Rd8 24. Rd1 Bd4 25. b4 Kf8 26. Bc2 Bxf2+ 27. Kxf2
Rxd1 28. Bxd1 f6 29. Ke3 Ke7 30. Kd4 1/2-1/2

[Event "Veteran-SM"]
[Site "Lund"]
[Date "2010.07.09"]
[Round "7.6"]
[White "Hesselborn, Per-Ove"]
[Black "Andersson, Sven-Olof"]
[Result "1/2-1/2"]
[WhiteElo "2309"]
[BlackElo "2057"]
[PlyCount "86"]
[EventDate "2010.07.03"]
[Source "Anders Hansen"]
[SourceDate "2010.07.03"]

1. e4 c5 2. Nc3 e6 3. Nf3 a6 4. g3 Nc6 5. Bg2 Qc7 6. O-O d6 7. d3 Bd7 8. Ne1 g6
9. f4 Bg7 10. f5 Bd4+ 11. Kh1 O-O-O 12. Nf3 gxf5 13. exf5 Nge7 14. fxe6 fxe6
15. Nxd4 cxd4 16. Ne4 Ne5 17. Bg5 Bc6 18. Qh5 Rdf8 19. Rxf8+ Rxf8 20. Qxh7 Nf5
21. Qxc7+ Kxc7 22. Rf1 Rg8 23. Bf4 Ng4 24. Kg1 e5 25. Bd2 Nge3 26. Bxe3 Nxe3
27. Rf7+ Kb6 28. Rf2 Nd1 29. Rf1 Ne3 30. Rf2 Nd1 31. Re2 Ne3 32. c4 Rf8 33. h3
a5 34. g4 d5 35. cxd5 Bxd5 36. b3 Rc8 37. g5 Rg8 38. h4 Rh8 39. h5 Rxh5 40.
Rxe3 dxe3 41. Nf6 Rxg5 42. Nxd5+ Kc5 43. Nxe3 b5 1/2-1/2

[Event "Veteran-SM"]
[Site "Lund"]
[Date "2010.07.09"]
[Round "7.8"]
[White "Marklund, Gunnar"]
[Black "Söderborg, Berndt"]
[Result "1/2-1/2"]
[WhiteElo "2080"]
[BlackElo "2115"]
[PlyCount "84"]
[EventDate "2010.07.03"]
[Source "Anders Hansen"]
[SourceDate "2010.07.03"]

1. d4 Nf6 2. Nc3 d5 3. g3 g6 4. Bg2 Bg7 5. Bg5 c6 6. Bxf6 Bxf6 7. e3 O-O 8. Qd2
e5 9. dxe5 Bxe5 10. Nf3 Bg7 11. O-O Nd7 12. Rad1 Re8 13. Ne2 Nf6 14. c4 Be6 15.
Qc2 Qa5 16. cxd5 Bxd5 17. b3 Be4 18. Qd2 Qxd2 19. Rxd2 Nd5 20. Nfd4 Bxg2 21.
Kxg2 Rad8 22. Rfd1 Bf6 23. Kf3 Nc7 24. Nf4 Be7 25. Nc2 Nb5 26. a4 Nc3 27. Rxd8
Rxd8 28. Rxd8+ Bxd8 29. Nd3 Be7 30. e4 b5 31. axb5 cxb5 32. Ke3 a5 33. f3 a4
34. bxa4 bxa4 35. Kd4 Nb1 36. Nc1 Nd2 37. Ke3 Nb3 38. Na2 Bc5+ 39. Kd3 Bg1 40.
h3 f5 41. exf5 gxf5 42. Nc3 Bf2 1/2-1/2

[Event "Veteran-SM"]
[Site "Lund"]
[Date "2010.07.10"]
[Round "8.1"]
[White "Hammar, Bengt"]
[Black "Malmdin, Nils Åke"]
[Result "1/2-1/2"]
[WhiteElo "2230"]
[BlackElo "2297"]
[PlyCount "28"]
[EventDate "2010.07.03"]
[Source "Anders Hansen"]
[SourceDate "2010.07.03"]

1. e4 c5 2. Nf3 Nc6 3. d4 cxd4 4. Nxd4 g6 5. c4 Bg7 6. Be3 Nf6 7. Nc3 d6 8. f3
O-O 9. Qd2 Nxd4 10. Bxd4 Be6 11. Be2 Qa5 12. a3 Rfc8 13. b4 Qd8 14. Nd5 Bxd5
1/2-1/2

[Event "Veteran-SM"]
[Site "Lund"]
[Date "2010.07.10"]
[Round "8.2"]
[White "Andersson, Gunnar"]
[Black "Eriksson, Bo H. T"]
[Result "1/2-1/2"]
[WhiteElo "2040"]
[BlackElo "2162"]
[PlyCount "52"]
[EventDate "2010.07.03"]
[Source "Anders Hansen"]
[SourceDate "2010.07.03"]

1. e4 c5 2. Nf3 d6 3. d4 cxd4 4. Qxd4 Nc6 5. Bb5 Bd7 6. Bxc6 bxc6 7. c4 c5 8.
Qd3 Bc6 9. Nc3 g6 10. Be3 Bg7 11. O-O Qc7 12. Rad1 Rd8 13. Rfe1 Nf6 14. Bg5 O-O
15. Nd5 Bxd5 16. exd5 Rfe8 17. Qd2 Rb8 18. Re2 Rb4 19. b3 a5 20. Rde1 a4 21.
Qc2 axb3 22. axb3 Rb7 23. h3 h6 24. Bc1 Qb8 25. Re3 Qc8 26. Bb2 Kh7 1/2-1/2

[Event "Veteran-SM"]
[Site "Lund"]
[Date "2010.07.10"]
[Round "8.3"]
[White "Andersson, Göran"]
[Black "Halleröd, Ralph"]
[Result "0-1"]
[WhiteElo "2169"]
[BlackElo "2122"]
[Annotator "Axel Smith"]
[PlyCount "40"]
[EventDate "2010.07.03"]
[Source "Anders Hansen"]
[SourceDate "2010.07.03"]

1. e4 e5 2. Nf3 Nc6 3. Bb5 Nd4 {
Ett drag som Ivan Sokolov spelat ett par gånger under senare tid.} 4. Nxd4 exd4
{Svart har fått fram en bonde som blockerar i centrum, men risken är att vit
kan byta av den mot sin c-bonde.} 5. O-O c6 (5... Bc5 {var Sokolovs drag.}) 6.
Bc4 Nf6 {Diagram #} 7. e5 $2 {Vit kommer snart att ha flyttat e-bonden fyra
gånger, varefter den slås med ett utvecklingsdrag.} (7. Re1 {
är normalt, med fortsättningen} d6 8. c3) 7... d5 8. exf6 dxc4 9. Qe2+ Be6 10.
fxg7 Bxg7 {Utan att förlora material har svart nu fått utveckla sig i full
takt. Räknar man tempon i denna ställning leder svart med 7-2!} 11. f4 $2 {
Diagram # Det avgörande misstaget.} (11. d3 {
var enda draget som gav vits pjäser tillräckligt med luft.}) 11... d3 $1 {
Låser in vits löpare på c1 för resten av partiet.} 12. Qh5 Qb6+ 13. Kh1 O-O-O {
Det är enkelt att spela svart i denna ställning.} 14. f5 Bd5 15. f6 Bxf6 $1 {
Halleröd spelar med precision.} 16. Qf5+ Kb8 17. Qxf6 Rhg8 18. Rg1 Rde8 $1 {
Det hotar nu matt i fyra drag.} 19. Qf1 Re2 {
Diagram # 14-3 i tempon till svart. Det är knock-out.} 20. Nc3 Rgxg2 0-1